000 00536nam a2200217Ia 4500
003 OSt
005 20220928145719.0
006 a|||||r|||| 00| 0
007 ta
008 220927b |||||||| |||| 00| 0 eng d
024 _a82460
037 _cTextual
040 _aSDCL
_cSDCL
_beng
041 _2eng
_aeng
082 _aXv'N, L7
100 _aWeintraub Sidney Ed.
_9514388
245 0 _aModern economic thought.
260 _c1977
942 _hXv'N, L7
_cTEXL
_2CC
999 _c835124
_d835124